Last Supper Liz Lochhead Quotes - Statistics

General Stats
  • This quiz has been taken 19 times
  • The average score is 6 of 10
Answer Stats
Line Quote % Correct
29 {cackling} around the cauldron
89%
4445 till somebody would get hungryand go {hunting} again.
89%
1819 He could be depended on to bring the bottleplus betrayal with a {kiss}.
78%
34 Not just for {lent}. (ForEver)
67%
36 'That's rich!' they'd {splutter}
67%
56 But meanwhile she is assembling the ingredientsfor their {last} treat
56%
3839 Then they'd sink backgorged on {truth}
56%
20 Already she was {imagining} it done with
44%
3031 {spitting} out the gristlier bitsof his giblets;
44%
33 intricate {irony};
33%
No matching quizzes found
Score Distribution
Percent of People with Each Score
Percentile by Number Answered
Your Score History
You have not taken this quiz